Headaches. (Record no. 4343)

MARC details
000 -LEADER
fixed length control field 00545nam a22002057a 4500
003 - CONTROL NUMBER IDENTIFIER
control field OSt
005 - DATE AND TIME OF LATEST TRANSACTION
control field 20160613135005.0
008 - FIXED-LENGTH DATA ELEMENTS--GENERAL INFORMATION
fixed length control field 160613b xxu||||| |||| 00| 0 eng d
020 ## - INTERNATIONAL STANDARD BOOK NUMBER
International Standard Book Number 1903734215
040 ## - CATALOGING SOURCE
Transcribing agency DLMN.
082 ## - DEWEY DECIMAL CLASSIFICATION NUMBER
Classification number WL342P329f 2009.
100 ## - MAIN ENTRY--PERSONAL NAME
Personal name Edited by Oeetfield Richard and Dodick,W.David.
9 (RLIN) 9374
245 ## - TITLE STATEMENT
Title Headaches.
250 ## - EDITION STATEMENT
Edition statement 2nd ed.
260 ## - PUBLICATION, DISTRIBUTION, ETC. (IMPRINT)
Place of publication, distribution, etc. Oxford.
Name of publisher, distributor, etc. Health Press.
Date of publication, distribution, etc. 2009.
300 ## - PHYSICAL DESCRIPTION
Extent 103p;
Other physical details col,ill;
Dimensions 20cm.
504 ## - BIBLIOGRAPHY, ETC. NOTE
Bibliography, etc includes references and index.
650 ## - SUBJECT ADDED ENTRY--TOPICAL TERM
Topical term or geographic name as entry element Pharmacy.
9 (RLIN) 9375
942 ## - ADDED ENTRY ELEMENTS (KOHA)
Source of classification or shelving scheme Other/Generic Classification Scheme
Koha item type Open Shelf
Holdings
Withdrawn status Lost status Source of classification or shelving scheme Damaged status Not for loan Home library Current library Date acquired Source of acquisition Inventory number Total Checkouts Full call number Barcode Date last seen Price effective from Koha item type
    Other/Generic Classification Scheme     MUST Main Library MUST Main Library 13/06/2016   12/36074   WL342P329f 2009. 2016-2447 13/06/2016 13/06/2016 Open Shelf